Bienvenue au Catalogue en Ligne des Bibliothèques de l'Universite du Burundi

Normal view MARC view

Entry Personal Name

Number of records used in: 1

001 - CONTROL NUMBER

  • control field: 68382

003 - CONTROL NUMBER IDENTIFIER

  • control field: BI-BuBU

005 - DATE AND TIME OF LATEST TRANSACTION

  • control field: 20130322104426.0

008 - FIXED-LENGTH DATA ELEMENTS

  • fixed length control field: 130322|||a|||||| | ||| d

040 ## - CATALOGING SOURCE

  • Original cataloging agency: BI-BuBU
  • Transcribing agency: BI-BuBU

100 ## - HEADING--PERSONAL NAME

  • Personal name: Mworoha, Emile

670 ## - SOURCE DATA FOUND

  • Source citation: Work cat.: (BI-BuBU): aut Karabagega, Martin 68378, Evolution des rapports entre tambour et pouvoir au Burundi des origines à 2008, 2008

670 ## - SOURCE DATA FOUND

  • Source citation: Work cat.: (BI-BuBU): aut Karabagega, Martin 68378, Evolution des rapports entre tambour et pouvoir au Burundi des origines à 2008, 2008
© 2019-2026 - Bibliothèques de l'Université du Burundi |Tous droits réservés
home | Pour toute information urgente Contactez nous | tel whatsupp: +25779204313